书目信息 |
| 题名: |
钢琴伴奏二胡中外名曲集
|
|
| 作者: | 秋江 编著 | |
| 分册: | ||
| 出版信息: | 合肥 安徽文艺出版社 2003.06 |
|
| 页数: | 88页 | |
| 开本: | 31cm | |
| 丛书名: | ||
| 单 册: | ||
| 中图分类: | J648.21 | |
| 科图分类: | ||
| 主题词: | 二胡--er hu--器乐曲--中国--选集 , 钢琴--gang qin--伴奏--器乐曲 | |
| 电子资源: | ||
| ISBN: | 7-5396-2268-7 | |
| 000 | 00869nam0 2200241 450 | |
| 001 | 012008443562 | |
| 005 | 20080313163133.81 | |
| 010 | @a7-5396-2268-7@dCNY24.00 | |
| 100 | @a20080313d2003 km y0chiy0120 ea | |
| 101 | 0 | @achi |
| 102 | @aCN@b340000 | |
| 105 | @ag z 000yy | |
| 106 | @ar | |
| 200 | 1 | @a钢琴伴奏二胡中外名曲集@Agang qin ban zou er hu zhong wai ming qu ji@f秋江编著@Fqiu jiang bian zhu |
| 210 | @a合肥@c安徽文艺出版社@d2003.06 | |
| 215 | @a88页@d31cm | |
| 330 | @a本书内含《打虎上山》、《牧歌》、《圣母颂》、《霍拉舞曲》、《查尔达什》、《叙事曲》、《幽默曲》、《野蜂飞舞》、《a小调协奏曲》以及《流浪者之歌》10部二胡名曲。 | |
| 606 | 0 | @a二胡@Aer hu@x器乐曲@y中国@j选集 |
| 606 | 0 | @a钢琴@Agang qin@x伴奏@x器乐曲 |
| 690 | @aJ648.21@v4 | |
| 701 | 0 | @a秋江@Aqiu jiang@4编著 |
| 801 | 0 | @aCN@bQSSK@c20080313 |
| 905 | @b20282702-04@dJ648.21@eQ754@f3 | |
| 钢琴伴奏二胡中外名曲集/秋江编著.-合肥:安徽文艺出版社,2003.06 |
| 88页;31cm |
| ISBN 7-5396-2268-7:CNY24.00 |
| 本书内含《打虎上山》、《牧歌》、《圣母颂》、《霍拉舞曲》、《查尔达什》、《叙事曲》、《幽默曲》、《野蜂飞舞》、《a小调协奏曲》以及《流浪者之歌》10部二胡名曲。 |
| ● |
| 相关链接 |
|
|
|
正题名:钢琴伴奏二胡中外名曲集
索取号:J648.21/Q754
 
预约/预借
| 序号 | 登录号 | 条形码 | 馆藏地/架位号 | 状态 | 备注 |
| 1 | 282702 | 202827021 | 社科库309/309社科库 94排1列5层/ [索取号:J648.21/Q754] | 在馆 | |
| 2 | 282703 | 202827030 | 社科库309/309社科库 94排1列5层/ [索取号:J648.21/Q754] | 在馆 | |
| 3 | 282704 | 202827049 | 社科库309/309社科库 94排1列5层/ [索取号:J648.21/Q754] | 在馆 |